|
|
|
|
| LEADER |
00000nas a2200000 a 4500 |
| 001 |
ssj0012726 |
| 003 |
WaSeSS |
| 005 |
20200512172242.0 |
| 006 |
m d |
| 007 |
cr n |
| 008 |
980304d19982004paubn p s 0 a0eng c |
| 010 |
|
|
|a sn 98000533
|
| 022 |
|
|
|l 1098-9544
|y 1098-9544
|
| 035 |
|
|
|a (WaSeSS)ssj0012726
|
| 037 |
|
|
|b University Pub. Inc., 1429 Walnut Street, Philadelphia, PA 19102
|
| 040 |
|
|
|a NTE
|b eng
|c NTE
|d DLC
|d NSD
|d OCLCQ
|d GUA
|d OCLCQ
|d OCLCF
|d OCLCO
|d GILDS
|d OCLCO
|d WaSeSS
|
| 042 |
|
|
|a nsdp
|a pcc
|
| 050 |
|
4 |
|a TX1
|b .W45
|
| 082 |
1 |
0 |
|a 640
|2 13
|
| 130 |
0 |
|
|a What's new (Philadelphia, Pa.)
|
| 210 |
0 |
|
|a What's new
|b (Phila. Pa.)
|
| 222 |
|
0 |
|a What's new
|b (Philadelphia, Pa.)
|
| 245 |
1 |
0 |
|a What's new
|h [electronic resource].
|
| 260 |
|
|
|a Philadelphia :
|b University Pub.,
|c c1998-c2004.
|
| 310 |
|
|
|a Bimonthly throughout the school year
|
| 362 |
0 |
|
|a Vol. 31, no. 3 (Jan./Feb. 1998)-v. 38, no. 2 (Nov./Dec. 2004).
|
| 500 |
|
|
|a Title from cover.
|
| 506 |
|
|
|a License restrictions may limit access.
|
| 650 |
|
0 |
|a Home economics
|v Periodicals.
|
| 650 |
|
0 |
|a Family life education
|v Periodicals.
|
| 650 |
|
0 |
|a Consumer education
|v Periodicals.
|
| 650 |
|
7 |
|a Consumer education.
|2 fast
|0 (OCoLC)fst00876300
|
| 650 |
|
7 |
|a Family life education.
|2 fast
|0 (OCoLC)fst00920371
|
| 650 |
|
7 |
|a Home economics.
|2 fast
|0 (OCoLC)fst00959173
|
| 655 |
|
0 |
|a Electronic journals.
|
| 780 |
0 |
0 |
|t What's new in home economics, family, and consumer science
|x 1097-5616
|w (DLC) 98657601
|w (OCoLC)34984577
|
| 856 |
4 |
0 |
|z Full text available from Research Library: 05/01/1998 to 11/30/2004
|u https://search.proquest.com/publication/963
|